[Event "1st FIDE OWCCCC Pools-East 2021"]
[Site "Online"]
[Date "2021.02.20"]
[Round "6.59"]
[White "Saparova, Oguljeren"]
[Black "Prouvost, Joachim"]
[Result "1-0"]
[WhiteElo "1299"]
[BlackElo "1372"]
[Annotator "NA"]
[PlyCount "87"]
[EventDate "2021.02.19"]
[EventType "team-tourn"]
[EventCountry "NET"]
[SourceTitle "playchess.com"]
[Source "ChessBase"]
[SourceQuality "1"]

1. d4 f5 2. Nf3 Nf6 3. g3 e6 4. Bg2 Be7 5. O-O O-O 6. b3 Ne4 7. Bb2 Bf6 8. e3 d6 9. c4 Nc6 10. Nbd2 Nxd2 11. Qxd2 a5 12. Rac1 e5 13. d5 Nb4 14. a3 Na6 15. Rfd1 Nc5 16. Qc2 b6 17. b4 axb4 18. axb4 Ne4 19. Nd2 Nxd2 20. Qxd2 Qe8 21. e4 f4 22. c5 Qh5 23. cxd6 fxg3 24. hxg3 Bg5 25. Qc3 Bxc1 26. Rxc1 cxd6 27. Qc6 Bh3 28. Bxh3 Qxh3 29. Qxd6 Rfc8 30. Rxc8+ Rxc8 31. Qxe5 Qh6 32. d6 Rf8 33. d7 Qg6 34. Qd5+ Qf7 35. d8=Q Rxd8 36. Qxd8+ Qf8 37. Qxf8+ Kxf8 38. Bd4 b5 39. e5 Ke7 40. f4 g6 41. Kf2 Ke6 42. Ke3 Kd5 43. Kd3 Ke6 44. g4 1-0

[Event "1st FIDE OWCCCC Pools-East 2021"]
[Site "Online"]
[Date "2021.02.20"]
[Round "6.59"]
[White "Anirudh Gupta"]
[Black "Kuimov, Vasily"]
[Result "1-0"]
[WhiteElo "1120"]
[BlackElo "1368"]
[Annotator "NA"]
[PlyCount "85"]
[EventDate "2021.02.19"]
[EventType "team-tourn"]
[EventCountry "NET"]
[SourceTitle "playchess.com"]
[Source "ChessBase"]
[SourceQuality "1"]

1. e4 d5 2. exd5 Qxd5 3. Nc3 Qa5 4. Nf3 Nf6 5. d3 Bg4 6. Be2 e5 7. a3 c6 8. Bd2 Qc7 9. h3 Bf5 10. O-O Bd6 11. Nh4 Be6 12. Ne4 Nxe4 13. dxe4 Nd7 14. Bc3 O-O-O 15. b4 a6 16. Qd3 Nb6 17. Qe3 g6 18. a4 c5 19. b5 c4 20. bxa6 bxa6 21. Rfb1 Bc5 22. Qc1 Bd7 23. Ba5 Qd6 24. Bxb6 Bxb6 25. Bxc4 Qd4 26. Qf1 Kc7 27. Rd1 Qxe4 28. Nf3 Bxh3 29. Bxa6 Bg4 30. Qc4+ Qxc4 31. Bxc4 Bxf3 32. gxf3 Rxd1+ 33. Rxd1 Bd4 34. Bxf7 Rf8 35. Bd5 Rxf3 36. Bxf3 Kd6 37. c3 Kc5 38. cxd4+ exd4 39. Ra1 d3 40. a5 Kb5 41. a6 g5 42. a7 d2 43. a8=Q 1-0

[Event "1st FIDE OWCCCC Pools-East 2021"]
[Site "Online"]
[Date "2021.02.20"]
[Round "6.59"]
[White "Gurajapu, Kanchana M"]
[Black "Abhinav Bansal"]
[Result "0-1"]
[WhiteElo "920"]
[BlackElo "1464"]
[Annotator "NA"]
[PlyCount "88"]
[EventDate "2021.02.19"]
[EventType "team-tourn"]
[EventCountry "NET"]
[SourceTitle "playchess.com"]
[Source "ChessBase"]
[SourceQuality "1"]

1. e4 d5 2. Nc3 d4 3. Nce2 e5 4. d3 Nf6 5. f3 c5 6. Ng3 Nc6 7. a3 Be6 8. Bd2 Be7 9. c3 Qd7 10. N1e2 h5 11. Qc2 h4 12. Nf5 Bxf5 13. exf5 Qxf5 14. cxd4 exd4 15. Nf4 g5 16. Ne2 Ne5 17. O-O-O Qxd3 18. Qxd3 Nxd3+ 19. Kb1 Nf2 20. Bxg5 Nxd1 21. Bxf6 Bxf6 22. Nf4 Ne3 23. Bb5+ Ke7 24. Re1 Kd6 25. Bd3 Bg5 26. Nh3 Rhg8 27. g3 hxg3 28. hxg3 c4 29. Be4 Rab8 30. f4 Bf6 31. Rd1 Nxd1 32. Bc2 Rxg3 33. Bxd1 Rxh3 34. Bg4 Rh1+ 35. Kc2 d3+ 36. Kd2 Bxb2 37. Be2 Rh2 38. f5 Rxe2+ 39. Kd1 Bxa3 40. f6 Bb4 41. Kc1 d2+ 42. Kd1 Re1+ 43. Kc2 d1=B+ 44. Kb2 c3+ 0-1

[Event "1st FIDE OWCCCC Pools-East 2021"]
[Site "Online"]
[Date "2021.02.20"]
[Round "6.60"]
[White "ZubinMaster"]
[Black "Lefebvre, Ambre"]
[Result "1-0"]
[WhiteElo "1386"]
[BlackElo "686"]
[Annotator "NA"]
[PlyCount "49"]
[EventDate "2021.02.19"]
[EventType "team-tourn"]
[EventCountry "NET"]
[SourceTitle "playchess.com"]
[Source "ChessBase"]
[SourceQuality "1"]

1. e4 e5 2. Nf3 Nf6 3. Nc3 Bc5 4. h3 O-O 5. d3 d5 6. Nxe5 d4 7. Na4 a5 8. Nxc5 Ra7 9. Nf3 Qe7 10. Nb3 Ra6 11. Nbxd4 Nc6 12. Nxc6 Rxc6 13. Be2 Qc5 14. c3 Nh5 15. d4 Qd6 16. Ne5 f6 17. Nxc6 Qxc6 18. Bxh5 Be6 19. d5 Bxd5 20. Qxd5+ Kh8 21. Qxc6 bxc6 22. O-O Rd8 23. Be3 Rd3 24. Rad1 Rxe3 25. Rd8# 1-0

[Event "1st FIDE OWCCCC Pools-East 2021"]
[Site "Online"]
[Date "2021.02.20"]
[Round "6.60"]
[White "Tvardovskaya, Darya"]
[Black "Priti"]
[Result "1-0"]
[WhiteElo "1179"]
[BlackElo "1329"]
[Annotator "NA"]
[PlyCount "93"]
[EventDate "2021.02.19"]
[EventType "team-tourn"]
[EventCountry "NET"]
[SourceTitle "playchess.com"]
[Source "ChessBase"]
[SourceQuality "1"]

1. e4 e5 2. Nf3 Nc6 3. d3 Nf6 4. Nc3 h6 5. Be2 d6 6. O-O Bg4 7. b3 Qd7 8. Bb2 O-O-O 9. h3 Bxf3 10. Bxf3 g5 11. Nd5 Nxd5 12. exd5 Ne7 13. d4 f6 14. dxe5 dxe5 15. Qd3 Kb8 16. Be2 Qxd5 17. Qxd5 Nxd5 18. c4 Nf4 19. Bf3 Bc5 20. a3 Rd2 21. Bc3 Rc2 22. Bb4 Bd4 23. Rad1 a6 24. Bd2 Nd3 25. Be3 Bxe3 26. fxe3 Nc5 27. b4 Ne6 28. c5 Ra2 29. Rd3 f5 30. Bd5 e4 31. Rc3 Rb2 32. Bxe6 Rd8 33. Bxf5 Rdd2 34. Bxe4 Ka8 35. c6 b6 36. Rf7 Kb8 37. Rf8+ Ka7 38. Rc8 b5 39. Rxc7+ Ka8 40. Rb7 Rd8 41. c7 Rc8 42. Rb8+ Ka7 43. Rxc8 g4 44. hxg4 h5 45. Rh8 hxg4 46. c8=Q g3 47. Qb7# 1-0

[Event "1st FIDE OWCCCC Pools-East 2021"]
[Site "Online"]
[Date "2021.02.20"]
[Round "6.60"]
[White "Pankaj T P"]
[Black "Nair, Sanjeev"]
[Result "0-1"]
[WhiteElo "1120"]
[BlackElo "2143"]
[Annotator "NA"]
[PlyCount "126"]
[EventDate "2021.02.19"]
[EventType "team-tourn"]
[EventCountry "NET"]
[SourceTitle "playchess.com"]
[Source "ChessBase"]
[SourceQuality "1"]

1. e4 e5 2. f4 exf4 3. Nf3 Nc6 4. Bc4 f6 5. O-O Bc5+ 6. d4 Bb6 7. Bxf4 d6 8. Nh4 Bxd4+ 9. Kh1 Bxb2 10. Qh5+ g6 11. Nxg6 hxg6 12. Qxh8 Kd7 13. Bxg8 Qe7 14. Nd2 Bxa1 15. Rxa1 Ne5 16. Qh3+ Kd8 17. Bd5 Bxh3 18. gxh3 c6 19. Bb3 Kc7 20. Rf1 Rh8 21. Kg2 g5 22. Be3 b6 23. Re1 g4 24. Bf4 gxh3+ 25. Kf2 Qg7 26. Rg1 Qe7 27. Rd1 Rh7 28. Nc4 Nxc4 29. Bxc4 b5 30. Bxd6+ Qxd6 31. Rxd6 Kxd6 32. Bb3 Ke5 33. Kf3 c5 34. Bd5 a5 35. c3 c4 36. a3 Rd7 37. Kg4 Rxd5 38. exd5 Kxd5 39. Kxh3 Ke4 40. Kg4 f5+ 41. Kg3 Kd3 42. h4 Kxc3 43. h5 Kd2 44. h6 c3 45. h7 f4+ 46. Kxf4 c2 47. h8=Q c1=Q 48. Qd4+ Kc2+ 49. Ke4 Qxa3 50. Qf2+ Kb3 51. Qf7+ Ka4 52. Qd7 Qb4+ 53. Kd3 Qc4+ 54. Ke3 Qb3+ 55. Kd4 Qd1+ 56. Kc3 Qxd7 57. Kb2 Qd3 58. Ka2 Qb3+ 59. Ka1 Qc3+ 60. Ka2 b4 61. Kb1 Qd2 62. Ka1 Kb3 63. Kb1 Qb2# 0-1

[Event "1st FIDE OWCCCC Pools-East 2021"]
[Site "Online"]
[Date "2021.02.20"]
[Round "6.61"]
[White "Vignesh, K .V ."]
[Black "Jana, Sandipan"]
[Result "1/2-1/2"]
[WhiteElo "1615"]
[BlackElo "1132"]
[Annotator "NA"]
[PlyCount "119"]
[EventDate "2021.02.19"]
[EventType "team-tourn"]
[EventCountry "NET"]
[SourceTitle "playchess.com"]
[Source "ChessBase"]
[SourceQuality "1"]

1. d4 e6 2. Nf3 d5 3. Nc3 c5 4. dxc5 Bxc5 5. g3 Bd7 6. Bg2 Bc6 7. O-O h6 8. a3 Nf6 9. Re1 Ng4 10. e3 Nf6 11. Nd4 O-O 12. Nxc6 Nxc6 13. e4 dxe4 14. Nxe4 Nxe4 15. Bxe4 Qf6 16. Be3 Rfd8 17. Qf3 Qxf3 18. Bxf3 Bxe3 19. Rxe3 Nd4 20. Rc1 Rab8 21. c3 Nxf3+ 22. Rxf3 Rd2 23. b4 b5 24. Ra1 Rc8 25. a4 bxa4 26. Rxa4 Rc7 27. b5 Rb2 28. c4 e5 29. Rfa3 f6 30. Rxa7 Rxc4 31. Rb7 Rcb4 32. Ra5 Rb1+ 33. Kg2 Rc1 34. b6 Rc2 35. Rb8+ Kh7 36. b7 Rc7 37. Ra7 Kg6 38. h4 h5 39. Kf3 Kf5 40. Ke3 g5 41. hxg5 fxg5 42. Rf8+ Kg4 43. Rb8 Rb3+ 44. Ke4 Re7 45. Kd5 Kf3 46. Kc6 Rc3+ 47. Kd6 Rf7 48. Kxe5 Kxf2 49. Rc8 Rb3 50. Ra2+ Kxg3 51. b8=Q Rxb8 52. Rxb8 g4 53. Ke6 Rf3 54. Rh8 h4 55. Ke5 h3 56. Ke4 Rf4+ 57. Ke3 Rf3+ 58. Ke4 Rf4+ 59. Ke5 Rf3 60. Ke4 1/2-1/2

[Event "1st FIDE OWCCCC Pools-East 2021"]
[Site "Online"]
[Date "2021.02.20"]
[Round "6.61"]
[White "Tirelli, Cristian"]
[Black "Manini, Paolo"]
[Result "0-1"]
[WhiteElo "1476"]
[BlackElo "1727"]
[Annotator "NA"]
[PlyCount "192"]
[EventDate "2021.02.19"]
[EventType "team-tourn"]
[EventCountry "NET"]
[SourceTitle "playchess.com"]
[Source "ChessBase"]
[SourceQuality "1"]

1. d4 Nf6 2. Bf4 g6 3. Nf3 d6 4. e3 Bg7 5. Bd3 Nbd7 6. Nbd2 O-O 7. O-O c5 8. c3 b6 9. a4 Bb7 10. Nc4 Nh5 11. Bg3 Nxg3 12. fxg3 d5 13. Ncd2 Nf6 14. Ng5 h6 15. Nh3 c4 16. Bc2 Bc8 17. Nf2 Qd6 18. e4 Qc7 19. exd5 Nxd5 20. Qe2 Ba6 21. Be4 e6 22. Ng4 Rac8 23. Ne5 Bxe5 24. dxe5 Qxe5 25. Rae1 Qd6 26. h4 Qxg3 27. h5 g5 28. Bxd5 exd5 29. Rf3 Qg4 30. Rf6 Qxe2 31. Rxe2 Kg7 32. Ref2 Rce8 33. Nf1 Re1 34. Kh2 Bc8 35. Ng3 Bd7 36. a5 bxa5 37. Ra6 a4 38. Rxa7 Be8 39. Ra6 Re6 40. Nf5+ Kh7 41. Ra5 Re5 42. Nd6 f6 43. Nxe8 Rexe8 44. Rxd5 Kg7 45. Ra5 Ra8 46. Rxa8 Rxa8 47. Rf1 a3 48. bxa3 Rxa3 49. Rf3 Rb3 50. Kg3 Kf7 51. Kg4 Ke6 52. Re3+ Kf7 53. Kf5 Rb5+ 54. Kg4 f5+ 55. Kh3 Kf6 56. g3 Rd5 57. Re1 Rd3 58. Rc1 f4 59. Kg2 Kf5 60. gxf4 gxf4 61. Kf2 Kg5 62. Ke2 Kxh5 63. Rh1+ Kg5 64. Rg1+ Kf5 65. Rg8 Rxc3 66. Rc8 h5 67. Kd2 Rd3+ 68. Kc2 Rd4 69. Kc3 Re4 70. Rf8+ Kg4 71. Rg8+ Kf3 72. Rg5 h4 73. Rh5 Kg3 74. Rg5+ Kh2 75. Rh5 h3 76. Rh4 Kg3 77. Rh5 h2 78. Rh6 f3 79. Kd2 Kg2 80. Rg6+ Kf1 81. Rh6 Re2+ 82. Kc3 Kg1 83. Kxc4 h1=Q 84. Rxh1+ Kxh1 85. Kd3 Kg2 86. Kc3 Kf2 87. Kd3 Ke1 88. Kc3 f2 89. Kd3 f1=Q 90. Kc3 Rd2 91. Kb4 Qd3 92. Kc5 Rc2+ 93. Kb4 Qc3+ 94. Ka4 Qb2 95. Ka5 Rc1 96. Ka6 Ra1# 0-1

[Event "1st FIDE OWCCCC Pools-East 2021"]
[Site "Online"]
[Date "2021.02.20"]
[Round "6.61"]
[White "Bussi, Maurizio"]
[Black "Panse, Frank"]
[Result "0-1"]
[WhiteElo "1208"]
[BlackElo "1513"]
[Annotator "NA"]
[PlyCount "76"]
[EventDate "2021.02.19"]
[EventType "team-tourn"]
[EventCountry "NET"]
[SourceTitle "playchess.com"]
[Source "ChessBase"]
[SourceQuality "1"]

1. e4 e5 2. Nf3 Nf6 3. Nc3 Nc6 4. Bb5 Nd4 5. Bc4 Nxe4 6. Bxf7+ Kxf7 7. Nxe5+ Kg8 8. Nxe4 d5 9. Qh5 g6 10. Qg5 Qxg5 11. Nxg5 Nxc2+ 12. Kd1 Nxa1 13. d4 Bf5 14. g4 Be4 15. f3 Bc2+ 16. Kd2 Bb4+ 17. Ke3 Re8 18. Bd2 Bxd2+ 19. Kxd2 Nb3+ 20. axb3 Bxb3 21. Kc3 Bc4 22. Ra1 a6 23. b3 Bb5 24. Re1 Kg7 25. Ne6+ Rxe6 26. f4 Rf8 27. f5 gxf5 28. gxf5 Rxf5 29. Rg1+ Kf8 30. Re1 c5 31. b4 cxd4+ 32. Kxd4 Rfxe5 33. Rxe5 Rxe5 34. Kxe5 Bc4 35. Kd6 d4 36. Kc5 d3 37. Kxc4 d2 38. Kc3 d1=Q 0-1

[Event "1st FIDE OWCCCC Pools-East 2021"]
[Site "Online"]
[Date "2021.02.20"]
[Round "6.62"]
[White "Kumar, Gaurav"]
[Black "Garcia Feore, Daniel James"]
[Result "0-1"]
[WhiteElo "2036"]
[BlackElo "1747"]
[Annotator "NA"]
[PlyCount "106"]
[EventDate "2021.02.19"]
[EventType "team-tourn"]
[EventCountry "NET"]
[SourceTitle "playchess.com"]
[Source "ChessBase"]
[SourceQuality "1"]

1. d4 Nf6 2. Bf4 e6 3. e3 d6 4. Nf3 Nd5 5. Bg3 f5 6. h4 h5 7. Bd3 g6 8. Nc3 Nxc3 9. bxc3 Bg7 10. e4 c5 11. exf5 gxf5 12. O-O cxd4 13. Nxd4 Nc6 14. Nb5 Ne5 15. Bxe5 Bxe5 16. Re1 a6 17. Nd4 Qxh4 18. Nf3 Qf6 19. Nxe5 dxe5 20. Qe2 e4 21. Bc4 Qxc3 22. Rab1 b5 23. Bd5 exd5 24. Rb3 Qc4 25. Qe3 Be6 26. Ra1 Rc8 27. a3 Qxc2 28. Rbb1 Rc3 29. Qb6 Kf7 30. Rc1 Qd3 31. Qa7+ Kf6 32. Rd1 Qc4 33. Qxa6 h4 34. Qd6 h3 35. Qh2 Qc7 36. Qxc7 Rxc7 37. Rab1 h2+ 38. Kh1 Rc2 39. Rf1 Ra2 40. Rxb5 Rxa3 41. Rbb1 Ke5 42. Rbe1 d4 43. f4+ Kd5 44. Rd1 d3 45. Rf2 Kd4 46. Rb2 Bc4 47. Rb4 Kc3 48. Rb7 Rb3 49. Rf7 Kc2 50. Rxd3 Bxd3 51. Rxf5 e3 52. Rc5+ Kd2 53. g3 Be4# 0-1

[Event "1st FIDE OWCCCC Pools-East 2021"]
[Site "Online"]
[Date "2021.02.20"]
[Round "6.62"]
[White "Rocka"]
[Black "Boschi, Anna"]
[Result "1-0"]
[WhiteElo "1715"]
[BlackElo "805"]
[Annotator "NA"]
[PlyCount "61"]
[EventDate "2021.02.19"]
[EventType "team-tourn"]
[EventCountry "NET"]
[SourceTitle "playchess.com"]
[Source "ChessBase"]
[SourceQuality "1"]

1. e4 e5 2. Nf3 Nf6 3. Nc3 Nc6 4. Bc4 g6 5. d3 b6 6. Bg5 Be7 7. O-O h6 8. Bh4 g5 9. Bg3 b5 10. Nxb5 a6 11. Nc3 Bb4 12. Nxe5 Nxe5 13. Bxe5 d6 14. Bxf6 Qxf6 15. Nd5 Qe6 16. Nxc7+ Ke7 17. Bxe6 fxe6 18. Nxa8 Bd7 19. Nb6 Bc6 20. Nc4 h5 21. f4 g4 22. f5 exf5 23. exf5 Rf8 24. Qe2+ Kd7 25. Qe6+ Kd8 26. Nxd6 h4 27. c3 Bc5+ 28. d4 h3 29. g3 Bb6 30. Rae1 a5 31. Qe7# 1-0

[Event "1st FIDE OWCCCC Pools-East 2021"]
[Site "Online"]
[Date "2021.02.20"]
[Round "6.62"]
[White "Veronelli, Franco"]
[Black "Califano, Tommaso"]
[Result "1-0"]
[WhiteElo "1652"]
[BlackElo "1420"]
[Annotator "NA"]
[PlyCount "101"]
[EventDate "2021.02.19"]
[EventType "team-tourn"]
[EventCountry "NET"]
[SourceTitle "playchess.com"]
[Source "ChessBase"]
[SourceQuality "1"]

1. e4 c5 2. Nf3 d6 3. Bb5+ Bd7 4. Bxd7+ Nxd7 5. O-O g6 6. d3 Bg7 7. Nc3 e6 8. Bf4 Nb6 9. Nb5 e5 10. Bg5 Qd7 11. Nc3 h6 12. Be3 Nf6 13. Qd2 Ng4 14. a3 Nxe3 15. fxe3 c4 16. Qf2 Kf8 17. Nd2 a6 18. Nxc4 Nxc4 19. dxc4 Rc8 20. b3 b5 21. Nd5 Qb7 22. cxb5 axb5 23. Rad1 Rh7 24. Nf6 Bxf6 25. Qxf6 Kg8 26. Rxd6 Qxe4 27. Rd8+ Rxd8 28. Qxd8+ Kg7 29. Qd3 Qxd3 30. cxd3 Rh8 31. a4 bxa4 32. bxa4 Rd8 33. Rd1 f5 34. Kf2 e4 35. d4 Kf6 36. a5 Ra8 37. Ra1 Ke6 38. a6 Kd6 39. Kg3 g5 40. a7 Kc6 41. h3 Kb7 42. h4 Rxa7 43. Rxa7+ Kxa7 44. hxg5 hxg5 45. Kf2 Kb6 46. g3 Kc6 47. g4 fxg4 48. Kg3 Kd5 49. Kxg4 Kc4 50. Kxg5 Kd3 51. Kf4 1-0

[Event "1st FIDE OWCCCC Pools-East 2021"]
[Site "Online"]
[Date "2021.02.20"]
[Round "6.63"]
[White "Ponnusamy, Kowsik"]
[Black "Ghosh Vinodkumar S"]
[Result "1-0"]
[WhiteElo "1717"]
[BlackElo "1429"]
[Annotator "NA"]
[PlyCount "67"]
[EventDate "2021.02.19"]
[EventType "team-tourn"]
[EventCountry "NET"]
[SourceTitle "playchess.com"]
[Source "ChessBase"]
[SourceQuality "1"]

1. e4 g6 2. d4 Bg7 3. Nc3 c5 4. dxc5 Bxc3+ 5. bxc3 Nf6 6. e5 Nh5 7. Nf3 Nc6 8. Rb1 Qa5 9. Qd3 Qxa2 10. Rb3 Qa1 11. Qd1 Qa5 12. Be2 Qxc5 13. Be3 Qa5 14. O-O Qc7 15. g4 Ng7 16. Qd5 d6 17. Ng5 O-O 18. exd6 Qxd6 19. Qxd6 exd6 20. Rd1 Rd8 21. Ne4 Ne8 22. Bg5 Rd7 23. c4 b6 24. Re3 Ne5 25. f4 Nc6 26. Nc3 Ba6 27. Nd5 Kg7 28. Kg2 Na5 29. Re1 Bxc4 30. Bxc4 Nxc4 31. Rxe8 Rxe8 32. Rxe8 a5 33. Nf6 Ra7 34. Rg8# 1-0

[Event "1st FIDE OWCCCC Pools-East 2021"]
[Site "Online"]
[Date "2021.02.20"]
[Round "6.63"]
[White "Combina, Alberto"]
[Black "Meyer, Katja"]
[Result "1-0"]
[WhiteElo "1635"]
[BlackElo "569"]
[Annotator "NA"]
[PlyCount "37"]
[EventDate "2021.02.19"]
[EventType "team-tourn"]
[EventCountry "NET"]
[SourceTitle "playchess.com"]
[Source "ChessBase"]
[SourceQuality "1"]

1. e4 e5 2. Nf3 Nf6 3. Nc3 Nc6 4. Bc4 Bc5 5. d3 d6 6. O-O O-O 7. Be3 Be6 8. Ng5 Nb4 9. Bxc5 dxc5 10. Bxe6 fxe6 11. Nxe6 Re8 12. Nxd8 Rexd8 13. a3 Nc6 14. f4 exf4 15. Rxf4 Rd6 16. Qf3 Rf8 17. Rf1 Ne5 18. Qg3 Nh5 19. Rxf8# 1-0

[Event "1st FIDE OWCCCC Pools-East 2021"]
[Site "Online"]
[Date "2021.02.20"]
[Round "6.63"]
[White "Sasso, Giulio"]
[Black "Marincas, Monica"]
[Result "1-0"]
[WhiteElo "1296"]
[BlackElo "1143"]
[Annotator "NA"]
[PlyCount "67"]
[EventDate "2021.02.19"]
[EventType "team-tourn"]
[EventCountry "NET"]
[SourceTitle "playchess.com"]
[Source "ChessBase"]
[SourceQuality "1"]

1. e4 e5 2. Nf3 Nc6 3. Bc4 Nd4 4. d3 Nxf3+ 5. Qxf3 Nf6 6. Bg5 Be7 7. Nc3 h6 8. Bh4 c6 9. Bxf6 Bxf6 10. O-O b5 11. Bb3 Bb7 12. Qe2 O-O 13. f4 d6 14. f5 Qb6+ 15. Kh1 Bg5 16. Rf3 Rae8 17. Raf1 Bf4 18. g3 Bg5 19. f6 g6 20. h4 Bxh4 21. gxh4 Bc8 22. Rg3 Kh7 23. h5 g5 24. Nd1 Qc7 25. Ne3 a5 26. a3 a4 27. Ba2 Qd7 28. Nf5 Qd8 29. Ne7 Rxe7 30. fxe7 Qxe7 31. Rgf3 g4 32. Rxf7+ Rxf7 33. Rxf7+ Qxf7 34. Bxf7 1-0

[Event "1st FIDE OWCCCC Pools-East 2021"]
[Site "Online"]
[Date "2021.02.20"]
[Round "6.64"]
[White "Figueredo Graterol, Andrea P."]
[Black "Manca, Maria Chiara"]
[Result "0-1"]
[WhiteElo "1495"]
[BlackElo "1267"]
[Annotator "NA"]
[PlyCount "58"]
[EventDate "2021.02.19"]
[EventType "team-tourn"]
[EventCountry "NET"]
[SourceTitle "playchess.com"]
[Source "ChessBase"]
[SourceQuality "1"]

1. e4 e5 2. d4 exd4 3. Qxd4 Nc6 4. Qd3 Nf6 5. Bg5 Be7 6. Nc3 O-O 7. O-O-O d6 8. Be2 Ne5 9. Qh3 Bxh3 10. gxh3 c6 11. h4 h6 12. Bxf6 Bxf6 13. Nf3 Nxf3 14. Bxf3 Bxh4 15. e5 Qg5+ 16. Kb1 Qxe5 17. Rhe1 Qxh2 18. Ne4 Bxf2 19. Rh1 Qf4 20. Rh3 Bb6 21. Rxd6 Rad8 22. Rxd8 Rxd8 23. Nf2 Bxf2 24. a3 Qf5 25. Bg2 Rd1+ 26. Ka2 Qxc2 27. Rc3 Qb1+ 28. Kb3 Bd4 29. Be4 Qxe4 0-1

[Event "1st FIDE OWCCCC Pools-East 2021"]
[Site "Online"]
[Date "2021.02.20"]
[Round "6.64"]
[White "Iceborg"]
[Black "Rivella, Stefano"]
[Result "0-1"]
[WhiteElo "1160"]
[BlackElo "1483"]
[Annotator "NA"]
[PlyCount "130"]
[EventDate "2021.02.19"]
[EventType "team-tourn"]
[EventCountry "NET"]
[SourceTitle "playchess.com"]
[Source "ChessBase"]
[SourceQuality "1"]

1. d4 c6 2. c4 d5 3. Nc3 Nf6 4. cxd5 cxd5 5. Nf3 Nc6 6. e3 e6 7. a3 a6 8. Be2 Be7 9. O-O O-O 10. h3 b5 11. Ne5 Bb7 12. Nxc6 Bxc6 13. Bf3 Rc8 14. Re1 Ne4 15. Be2 Nxc3 16. bxc3 Bb7 17. Bf3 Rxc3 18. Bb2 Rc8 19. e4 dxe4 20. Bxe4 Bxe4 21. Rxe4 Bf6 22. Rb1 Qd5 23. Re1 Rc4 24. Qf3 Qxf3 25. gxf3 Bxd4 26. Bxd4 Rxd4 27. Kg2 Rfd8 28. Re3 h6 29. Kg3 Kf8 30. h4 Rc4 31. Ra1 Rdd4 32. Ra2 Rxh4 33. Rd2 Rhd4 34. Rxd4 Rxd4 35. Rc3 Ke7 36. f4 Kd7 37. Kf3 Rd6 38. Ke4 Rc6 39. Rd3+ Kc7 40. Rd4 Rc5 41. Rd3 f6 42. Kf3 e5 43. Re3 Kd6 44. fxe5+ Rxe5 45. Rd3+ Rd5 46. Ke3 Rxd3+ 47. Kxd3 Kd5 48. Ke3 g5 49. f4 f5 50. fxg5 hxg5 51. Kf3 a5 52. Kg3 b4 53. axb4 axb4 54. Kf3 Kd4 55. Ke2 Kc3 56. Ke3 b3 57. Kf3 b2 58. Ke3 b1=Q 59. Ke2 Qd3+ 60. Kf2 Kd4 61. Kg2 Qe3 62. Kf1 Qd2 63. Kg1 Ke3 64. Kh1 Kf3 65. Kg1 Qg2# 0-1

[Event "1st FIDE OWCCCC Pools-East 2021"]
[Site "Online"]
[Date "2021.02.20"]
[Round "6.65"]
[White "Husain, S Mazhar"]
[Black "Turcatti, Mauro"]
[Result "0-1"]
[WhiteElo "2250"]
[BlackElo "1350"]
[Annotator "NA"]
[PlyCount "54"]
[EventDate "2021.02.19"]
[EventType "team-tourn"]
[EventCountry "NET"]
[SourceTitle "playchess.com"]
[Source "ChessBase"]
[SourceQuality "1"]

1. e4 c6 2. Bc4 d5 3. exd5 cxd5 4. Bb3 Nc6 5. d4 Bf5 6. Nc3 e6 7. Nf3 Bd6 8. O-O Nge7 9. Bg5 O-O 10. a3 a6 11. Qe2 Qc7 12. h3 Ng6 13. Rfe1 Nge7 14. Nd1 Na5 15. Ne3 Nxb3 16. cxb3 Bg6 17. Bxe7 Bxe7 18. Ne5 Rac8 19. Nxg6 hxg6 20. Rac1 Qb6 21. Qd3 Bf6 22. Rxc8 Rxc8 23. Rd1 Rc6 24. Ng4 Qc7 25. a4 Rc2 26. Qe3 Kf8 27. Rd2 Rc1+ 0-1

[Event "1st FIDE OWCCCC Pools-East 2021"]
[Site "Online"]
[Date "2021.02.20"]
[Round "6.65"]
[White "Pulakandam, Gurunadh gupta"]
[Black "Tibor, Both"]
[Result "0-1"]
[WhiteElo "1200"]
[BlackElo "1428"]
[Annotator "NA"]
[PlyCount "68"]
[EventDate "2021.02.19"]
[EventType "team-tourn"]
[EventCountry "NET"]
[SourceTitle "playchess.com"]
[Source "ChessBase"]
[SourceQuality "1"]

1. e4 c5 2. d4 cxd4 3. Nf3 e5 4. Nxe5 Qa5+ 5. c3 Qxe5 6. f3 dxc3 7. Nxc3 Bb4 8. Bd2 Nf6 9. Bc4 O-O 10. O-O Qc5+ 11. Kh1 Qxc4 12. Rc1 Qe6 13. h3 Nc6 14. Nb5 Qe5 15. Nc3 d6 16. f4 Qe7 17. Nd5 Nxd5 18. exd5 Bxd2 19. Qxd2 Nd8 20. Rfe1 Qf6 21. Qb4 b6 22. Rc7 Nb7 23. Rec1 Nc5 24. Qd2 Bf5 25. b4 Ne4 26. Qe3 h5 27. a4 Rfe8 28. Qf3 Qg6 29. a5 bxa5 30. bxa5 Rac8 31. Rxc8 Rxc8 32. Rb1 Nd2 33. Qd1 Nxb1 34. Qxb1 Bxb1 0-1

[Event "1st FIDE OWCCCC Pools-East 2021"]
[Site "Online"]
[Date "2021.02.20"]
[Round "6.66"]
[White "Mokashi, Magnesh"]
[Black "Zihlin, Oleh"]
[Result "0-1"]
[WhiteElo "1788"]
[BlackElo "1657"]
[Annotator "NA"]
[PlyCount "72"]
[EventDate "2021.02.19"]
[EventType "team-tourn"]
[EventCountry "NET"]
[SourceTitle "playchess.com"]
[Source "ChessBase"]
[SourceQuality "1"]

1. d4 Nf6 2. c4 e5 3. dxe5 Ng4 4. Nf3 Nc6 5. Nc3 Ngxe5 6. Nxe5 Nxe5 7. e4 Bc5 8. Be2 d6 9. O-O Qh4 10. Nd5 Qd8 11. b4 Bb6 12. Nxb6 axb6 13. f4 Nc6 14. b5 Ne7 15. Bb2 O-O 16. Qd4 f6 17. f5 c6 18. a4 d5 19. Rfd1 c5 20. Qf2 d4 21. Bc1 Re8 22. Bh5 Rf8 23. Rd3 g6 24. fxg6 hxg6 25. Qg3 Kf7 26. Bf3 Be6 27. Bg4 Bxc4 28. Rd2 d3 29. Rf2 Bxb5 30. e5 f5 31. Bd2 Rxa4 32. Bf3 Rxa1+ 33. Rf1 Qd4+ 34. Qf2 Rxf1+ 35. Kxf1 Qxf2+ 36. Kxf2 Ke6 0-1

[Event "1st FIDE OWCCCC Pools-East 2021"]
[Site "Online"]
[Date "2021.02.20"]
[Round "6.66"]
[White "Bielec, John Matthew"]
[Black "Alrowaiei, Jasim"]
[Result "1-0"]
[WhiteElo "1623"]
[BlackElo "1097"]
[Annotator "NA"]
[PlyCount "105"]
[EventDate "2021.02.19"]
[EventType "team-tourn"]
[EventCountry "NET"]
[SourceTitle "playchess.com"]
[Source "ChessBase"]
[SourceQuality "1"]

1. e4 e5 2. Nf3 Nc6 3. Nc3 Nf6 4. d4 d5 5. Bb5 dxe4 6. Nxe5 Bd7 7. Nxd7 Qxd7 8. d5 a6 9. dxc6 Qxd1+ 10. Kxd1 axb5 11. Nxb5 Bd6 12. Nxd6+ cxd6 13. cxb7 Rb8 14. Re1 O-O 15. Bg5 d5 16. h3 Rxb7 17. b3 h6 18. Be3 Rd7 19. c3 Rc8 20. Bd4 Re7 21. Re3 Rce8 22. Kc2 Nd7 23. Rae1 f5 24. f3 Nf6 25. a4 f4 26. R3e2 e3 27. a5 Nh5 28. Kd3 Ng3 29. Ra2 e2 30. Bf2 Re5 31. Bxg3 fxg3 32. Raxe2 Rxe2 33. Rxe2 Rd8 34. a6 Rd6 35. a7 Ra6 36. Re8+ Kf7 37. a8=Q Rxa8 38. Rxa8 Ke6 39. c4 Ke5 40. Re8+ Kd6 41. cxd5 Kxd5 42. Rg8 Kc5 43. Rxg7 Kb5 44. Rxg3 Kb4 45. Ke4 Kxb3 46. f4+ Kc2 47. Rd3 h5 48. f5 h4 49. f6 Kc1 50. f7 Kb1 51. f8=Q Kc2 52. Qf2+ Kb1 53. Rd1# 1-0

[Event "1st FIDE OWCCCC Pools-East 2021"]
[Site "Online"]
[Date "2021.02.20"]
[Round "6.66"]
[White "Ferencz, Renata"]
[Black "Bodapati, Chandrakanth"]
[Result "0-1"]
[WhiteElo "1030"]
[BlackElo "1453"]
[Annotator "NA"]
[PlyCount "46"]
[EventDate "2021.02.19"]
[EventType "team-tourn"]
[EventCountry "NET"]
[SourceTitle "playchess.com"]
[Source "ChessBase"]
[SourceQuality "1"]

1. e4 e5 2. Nf3 d6 3. Nc3 Bg4 4. b3 Qf6 5. d3 Bxf3 6. gxf3 h6 7. Bg2 Nc6 8. O-O Nd4 9. Nd5 Qd8 10. c3 Nc6 11. a3 Nge7 12. Ne3 g5 13. a4 Ng6 14. c4 Nd4 15. b4 Nf4 16. Bh1 Qd7 17. Ra3 Nde2+ 18. Qxe2 Nxe2+ 19. Kg2 h5 20. Ra2 Nf4+ 21. Kg1 g4 22. fxg4 hxg4 23. Ng2 Nh3# 0-1